Operatívne plánovanie a jeho úloha vo vybranom podniku bakalárska práca

Gespeichert in:
Bibliographische Detailangaben
1. Verfasser: Onuferová, Lenka
Körperschaft: Podnikovohospodárska fakulta EU so sídlom v Košiciach. Katedra manažmentu
Weitere Verfasser: Klepáková, Adela
Format: Buch
Sprache:Slowakisch
Veröffentlicht: Košice 2012
Tags: Tag hinzufügen
Keine Tags, Fügen Sie das erste Tag hinzu!

MARC

LEADER 00000nbm a2200000 4500
001 0155610
005 20161109111903.9
041 0 |a slo 
044 |a SK 
245 1 0 |a Operatívne plánovanie a jeho úloha vo vybranom podniku  |b bakalárska práca  |c Lenka Onuferová ; školiteľ: Adela Klepáková 
264 1 |a Košice  |c 2012 
300 |a 42 s. 
100 1 |a Onuferová, Lenka 
700 1 |a Klepáková, Adela 
710 2 |a Podnikovohospodárska fakulta EU so sídlom v Košiciach. Katedra manažmentu